<?xml version="1.0" encoding="UTF-8"?>
<record
    xmlns:xsi="http://www.w3.org/2001/XMLSchema-instance"
    xsi:schemaLocation="http://www.loc.gov/MARC21/slim http://www.loc.gov/standards/marcxml/schema/MARC21slim.xsd"
    xmlns="http://www.loc.gov/MARC21/slim">

  <leader>00445nam a22001577a 4500</leader>
  <controlfield tag="005">20260512141625.0</controlfield>
  <controlfield tag="008">260512b        |||||||| |||| 00| 0 eng d</controlfield>
  <datafield tag="020" ind1=" " ind2=" ">
    <subfield code="a">9789784814904</subfield>
  </datafield>
  <datafield tag="050" ind1=" " ind2=" ">
    <subfield code="a">PR9379.9</subfield>
    <subfield code="b">.K66</subfield>
  </datafield>
  <datafield tag="100" ind1=" " ind2=" ">
    <subfield code="a">KONADU ASARE</subfield>
  </datafield>
  <datafield tag="245" ind1=" " ind2=" ">
    <subfield code="a">A WOMAN IN HER PRIME</subfield>
  </datafield>
  <datafield tag="260" ind1=" " ind2=" ">
    <subfield code="a">IBADAN</subfield>
    <subfield code="b">RASMED PUBLICATIONS LTD.</subfield>
    <subfield code="c">2007</subfield>
  </datafield>
  <datafield tag="300" ind1=" " ind2=" ">
    <subfield code="a">140p.</subfield>
  </datafield>
  <datafield tag="650" ind1=" " ind2=" ">
    <subfield code="a">English Literature</subfield>
    <subfield code="v">African literature in English</subfield>
    <subfield code="x">Women Ghana Fiction</subfield>
  </datafield>
  <datafield tag="942" ind1=" " ind2=" ">
    <subfield code="c">BK</subfield>
  </datafield>
  <datafield tag="999" ind1=" " ind2=" ">
    <subfield code="c">4752</subfield>
    <subfield code="d">4752</subfield>
  </datafield>
  <datafield tag="952" ind1=" " ind2=" ">
    <subfield code="1">0</subfield>
    <subfield code="2">lcc</subfield>
    <subfield code="4">0</subfield>
    <subfield code="7">0</subfield>
    <subfield code="a">UNIABUJA</subfield>
    <subfield code="b">UNIABUJA</subfield>
    <subfield code="d">2026-05-12</subfield>
    <subfield code="i">2026/72174-79</subfield>
    <subfield code="l">0</subfield>
    <subfield code="o">PR9379.9 .K66</subfield>
    <subfield code="p">2026-0249</subfield>
    <subfield code="r">2026-05-12 14:20:20</subfield>
    <subfield code="t">6</subfield>
    <subfield code="w">2026-05-12</subfield>
    <subfield code="y">BK</subfield>
  </datafield>
</record>
